000 00417cam a22001217a 4500
008 180718b1979 xxu||||| |||| 00| 0 eng d
082 _aAPPPA 78-79 RAG
100 _aRaghunathan, K.
245 _aApplication of the Urban lands (Ceiling & regulation) act'76 to cantonments in India
_cby K. Raghunathan
260 _aNew Delhi
_bIndian Institute of Public Administration
_c1979
300 _a96p.
650 _aUrban lands
999 _c501161
_d501161